U.S. States by Clue #3 - Statistics

General Stats
  • This quiz has been taken 1,683 times
  • The average score is 16 of 20
Answer Stats
Clue State % Correct
The second biggest state, by area or population Texas
99%
Touches four of the five Great Lakes Michigan
97%
Borders only one other other state Maine
95%
The smallest state whose name starts with "New" New Hampshire
93%
Polygamy is outlawed in the state constitution (1895) Utah
90%
Has the highest percentage of African-American residents (37.8%) Mississippi
85%
Its name is French for "Green Mountain" Vermont
85%
Bill Clinton and Mike Huckabee were governors Arkansas
84%
Where Prince Harry and Meghan currently reside California
84%
Where Jack Daniels whiskey comes from Tennessee
81%
Forrest Gump's home state Alabama
79%
The state capital ends in X Arizona
79%
Deadwood became a boom town after gold was discovered in the Black Hills South Dakota
78%
Dropped the words "and Providence Plantations" from its official name in 2020 Rhode Island
76%
People used to move here for six weeks to take advantage of its liberal divorce laws (Rita Hayworth did it twice!) Nevada
73%
Grows about 70% of the nation's apples Washington
73%
Location of Jackson Hole, a popular retreat for billionaires Wyoming
71%
Where Fort Sumter is located South Carolina
69%
Headquarters of Culver's, a fast-food restaurant selling burgers and cheese curds Wisconsin
60%
The Platte River runs through the entire length of the state Nebraska
56%
No matching quizzes found
Score Distribution
Percent of People with Each Score
Percentile by Number Answered
Your Score History
You have not taken this quiz